عرض عادي عرض مارك
  • Bioinformatics

مدخل مصطلح موضوعي

عدد التسجيلات المستخدمة في: 3

001 - رقم الضبط

  • حقل الضبط: 39752

003 - معرف رقم الضبط

  • حقل الضبط: OSt

005 - تاريخ ووقت أخر عملية

  • حقل الضبط: 20131114163349.0

008 - عناصر بيانات ثابتة الطول

  • حقل تحكم ثابت الطول: 131114|||a|||||| | ||| d

040 ## - مصدر الفهرسة

  • هيئة الفهرسة الأصلية: OSt
  • وكالة الكتابة: OSt

150 ## - مدخل-- مصطلح تاريخي

  • عنصر مدخل المصطلح الموضوعي او الاسم الجغرافي: Bioinformatics
  • تفريع شكلي: Congresses.

670 ## - بيانات المصدر موجوده

  • الاستشهاد بالمصدر: Work cat.: (OSt)0: Brazilian Symposium on Bioinformatics (1st : 2005 : São Leopoldo, Rio Grande do Sul, Brazil) 39751, Advances in bioinformatics and computational biology :, c2005.